A Glossarial Concordance to William Langland's The Vision of Piers Plowman The A Text / (Record no. 200157)
[ view plain ]
| 000 -LEADER | |
|---|---|
| fixed length control field | 00649nam a22002057a 4500 |
| 005 - DATE AND TIME OF LATEST TRANSACTION | |
| control field | 20240116121848.0 |
| 010 ## - LCCN (DPL NO) | |
| LC control number | ENG-138905 |
| 020 ## - INTERNATIONAL STANDARD BOOK NUMBER | |
| International Standard Book Number | 784775401552 |
| 035 ## - SYSTEM CONTROL NUMBER | |
| System control number | EN-122437 |
| 037 ## - SOURCE OF ACQUISITION | |
| Source of stock number/acquisition | DBAD/PUB |
| 082 ## - DEWEY DECIMAL CLASSIFICATION NUMBER | |
| Classification number | 880 |
| 100 ## - MAIN ENTRY--PERSONAL NAME | |
| Personal name | Matsushita, Tomonori |
| 245 ## - TITLE STATEMENT | |
| Title | A Glossarial Concordance to William Langland's The Vision of Piers Plowman The A Text / |
| 250 ## - EDITION STATEMENT | |
| Edition statement | 2009 |
| 260 ## - PUBLICATION, DISTRIBUTION, ETC. (IMPRINT) | |
| Name of publisher, distributor, etc | Shohakusha Publishing Co., Ltd. |
| Place of publication, distribution, etc | Japan |
| Date of publication, distribution, etc | 2009 |
| 270 ## - ADDRESS | |
| Address | 1-6-1 Iida bashi, Chiyoda-ku, Tokyo, Japan-1020072 |
| 300 ## - PHYSICAL DESCRIPTION | |
| Extent | 603 p. |
| Dimensions | 32 cm(hbk) |
| 710 ## - ADDED ENTRY--CORPORATE NAME | |
| Corporate name or jurisdiction name as entry element | Roma Chatterjee |
| Relator term | Editor |
| 9 (RLIN) | 59600 |
| 942 ## - ADDED ENTRY ELEMENTS (KOHA) | |
| Source of classification or shelving scheme | Dewey Decimal Classification |
| Item type | English Books |
| Classification part | 880 |
| Call number suffix | MAT |
No items available.
